| 000 | 00557nam a22001817a 4500 | ||
|---|---|---|---|
| 008 | 230705b |||||||| |||| 00| 0 eng d | ||
| 020 | _a8170558220 | ||
| 040 |
_aNational Science Library _cNational Science Library |
||
| 080 |
_a82-32SIN _bP9 |
||
| 100 | _aSingh, Dhoodh Nath | ||
| 245 | _aधर्मक्षेत्रे कुरूक्षेत्रे | ||
| 246 | _aDharmkshetre Kurukshetre | ||
| 260 |
_aNew Delhi: _bVani Prakashan, _c2009 |
||
| 300 | _a136p. | ||
| 365 |
_b200.00 _cINR |
||
| 650 | _aHindi literature | ||
| 942 |
_2udc _cHBK |
||
| 999 |
_c49612 _d49612 |
||